000
00233nam a2200097Ia 4500
001
860871
005
20250826175400.0
008
250824s9999 xx 000 0 und d
245
0
_a
eve dönüş yolu
_c
corrinne averiss
260
_b
KETEBE
999
_c
860871
_d
860871